| 000 | 00935cam a2200253 a 4500 | ||
|---|---|---|---|
| 008 | 010605m19799999le 000 0 ara d | ||
| 040 |
_aEG-GiCUC _bara _cEG-GiCUC |
||
| 043 | _af-ua--- | ||
| 092 | 0 | 4 |
_a320.962 _bI76 _221 |
| 099 |
_a04 _a320.962 I76 |
||
| 100 | 1 | _aعيسى : صلاح | |
| 245 | 1 | 2 |
_aالبرجوازية المصرية واسلوب المفاوضة / _cصلاح عيسى |
| 250 | _aط1 | ||
| 260 |
_aبيروت : _bدار ابن خلدون : _c1979 |
||
| 300 |
_aمج ؛ _c22سم . |
||
| 504 | _aيشتمل على ارجاعات ببليوجرافية ص120-126 | ||
| 591 | _aالمكتبة تقتنى فقط المجلد الاول | ||
| 651 | 7 |
_aمصر _xالاحوال السياسية _2qrmak |
|
| 902 | _a1 | ||
| 905 |
_aابراهيم _eمراجع |
||
| 905 |
_aرضا _eمدخل |
||
| 942 |
_2ddc _cBK |
||
| 999 |
_c122774 _d122774 |
||